000 00332nam a22001577a 4500
003 SGT
020 _a978-81-85731-8
082 _a165.4, D15M
100 _aMEHTA, R.M.
245 _aDISPENSING PHARMACY
250 _a4TH
260 _aDELHI
_bVALLABH PARKASHAN
_c2015
300 _a384
650 _aPHARMACY
942 _2ddc
_cBK
_057
999 _c8158
_d8158